Movies Quiz

Random Movies or Famous Quiz

Banned Movies Quiz Stats

 Plays Quiz not verified by Sporcle

Challenge
Share
Tweet
Embed
Score 0/13 Timer 04:00
0 Plays Today
most famous scene movie name % Correct
Girl spews pea soup and rotates head 360 degreesThe Exorcist
88.3%
Marlon Brando sexually assaults Maria Schneider with butter Last Tango in Paris
50.1%
Girl is impaled on a spike in the Amazonian RainforestCannibal Holocaust
40.4%
Cult-like drinking ritual between a band of circus performersFreaks
28.4%
Dustin Hoffman springs a mantrap over a man's headStraw Dogs
22.9%
S&M movie produced and acted out by puppetsMeet the Feebles
12.9%
Dog attacks dog-trainer who reprogrammed racist Pavlovian responseWhite Dog
8.9%
Man performs oral sex on himself (autofellatio)Shortbus
8%
Man inserts pins into his own earsIchi the Killer
4.3%
Homicidal writer accidentally impaled on metal sculptureTenebre
2.3%
Saint caresses crucified body of ChristVisions of Ecstacy
0.6%
Guests are served hosts heads on a platterBlood Rites
0.6%
Severed arm twitches continuously on grill of carDead & Buried
0.6%

You're not logged in!

Compare scores with friends on all Sporcle quizzes.
OR
Log In

You Might Also Like...

Show Comments

Extras

Created Nov 10, 2009ReportNominate
Tags:Famous Quiz, banned, scene

Top Quizzes Today


Score Distribution

Your Account Isn't Verified!

In order to create a playlist on Sporcle, you need to verify the email address you used during registration. Go to your Sporcle Settings to finish the process.

Report this User

Report this user for behavior that violates our Community Guidelines.

Details: